Central Library OPAC University of Rajshahi

The political thought of Sallust / (Record no. 62105)

MARC details
000 -LEADER
fixed length control field 00748nam a2200241 a 4500
001 - CONTROL NUMBER
control field 62105
003 - CONTROL NUMBER IDENTIFIER
rucl marc code BD-RjUL
005 - DATE AND TIME OF LATEST TRANSACTION
control field 20211209081038.0
008 - FIXED-LENGTH DATA ELEMENTS--GENERAL INFORMATION
fixed length control field 170122s1961 enk b 001 0 eng d
035 ## - SYSTEM CONTROL NUMBER
System control number (BD-RjUL)62230
040 ## - CATALOGING SOURCE
Original cataloging agency DLC
Transcribing agency FHM
Modifying agency SER
-- m.c.
-- BD-RjUL
-- m/c
Language of cataloging eng
041 ## - LANGUAGE CODE
Language code of text/sound track or separate title eng
082 ## - DEWEY DECIMAL CLASSIFICATION NUMBER
Edition number 23
Classification number 320.01
Author mark and year EAP 1961
100 1# - MAIN ENTRY--PERSONAL NAME
Personal name Earl, Donald C.
9 (RLIN) 184764
245 14 - TITLE STATEMENT
Title The political thought of Sallust /
Statement of responsibility, etc. by D.C. Earl
260 ## - PUBLICATION, DISTRIBUTION, ETC. (IMPRINT)
Place of publication, distribution, etc. Cambridge :
Name of publisher, distributor, etc. Cambridge University Press,
Date of publication, distribution, etc. 1961
300 ## - PHYSICAL DESCRIPTION
Pagination xi, 132 p. ;
Size 22 cm
504 ## - BIBLIOGRAPHY, ETC. NOTE
Bibliography, etc Bibliography: p. [122]-126
600 00 - SUBJECT ADDED ENTRY--PERSONAL NAME
Personal name Sallust,
Dates associated with a name 86 B.C.-34 B.C.
General subdivision Political and social views
830 #0 - SERIES ADDED ENTRY--UNIFORM TITLE
Uniform title Cambridge classical studies.
942 ## - ADDED ENTRY ELEMENTS (KOHA)
Source of classification or shelving scheme Dewey Decimal Classification
Koha item type Books
Holdings
Lost status Source of classification or shelving scheme Damaged status Not for loan Collection code Permanent Location Current Location Shelving location Date acquired Source of acquisition Cost, normal purchase price Total Checkouts Full call number Date last seen Copy number Koha item type
  Dewey Decimal Classification   Not For Loan Non-fiction Central Library, University of Rajshahi Central Library, University of Rajshahi Reading Room 20/11/1964 Mirza Book agency 16.97   320.01 EAP 1961 22/01/2017 C-1 Books